00353nam a2200109Ia 4500008004100000100002300041245012100064250000800185260003400193300000800227650000800235191201s2001 xx 000 0 und d aORATI,Vittorangelo 0aEconomic Theory in the Light of Schumpeter's Scientific Heritage: Aggregate performances and evolution of capitalism a1st aRohtakbSpellbound Pub.c2001 a216 aMBA